• 首页
  • 本馆介绍
  • 公告通知
  • 最新文献
  • 馆藏检索
  • 电子资源
  • 读者导购
  • 参考咨询
  • 我的图书馆
  • 登录
  • 详细信息显示
  • 放入我的书架
  • 预约/预借图书
  • 作者相关作品
  • 分类相关作品
  • 丛书相关作品
  • 出版社相关作品

书目信息

  • 表格格式
  • 工作单格式
  • 卡片格式
题名:
社会保障热点问题透析
    
 
作者: 宋静宜 著
分册:  
出版信息: 北京   经济科学出版社  2014
页数: 10,229页
开本: 25cm
丛书名:
单 册:
中图分类: D632.1
科图分类:
主题词: 社会保障--研究--中国 , 社会保障
电子资源:
ISBN: 978-7-5141-4127-6
000 00851nam0 2200241 450
001 523
005 20140905100652.62
010    @a978-7-5141-4127-6@dCNY30.00
100    @a20140310d2014 em y0chiy50 ea
101 0  @achi
102    @aCN@b110000
105    @ay z 000yy
106    @ar
200 1  @a社会保障热点问题透析@AShe Hui Bao Zhang Re Dian Wen Ti Tou Xi@f宋静宜著@FSong Jing Yi Zhu
210    @a北京@c经济科学出版社@d2014
215    @a10,229页@d25cm
330    @a本书介绍了我国社会保障制度综论、构建我国社会保障大保障格局、我国就业制度的基本架构、我国就业形势分析与就业政策的选择、我国积极就业政策与选择、我国城镇职工养老制度改革与发展等内容。
606 0  @a社会保障@x研究@y中国
606 0  @a社会保障
690    @aD632.1@v5
701  0 @a宋静宜@ASong Jing Yi@4著
801  0 @aCN@bTANGWEI@c20140603
905    @b0840229-31@dD632.1@e205@f3
    
    社会保障热点问题透析/宋静宜著.-北京:经济科学出版社,2014
    10,229页;25cm
    
    
    ISBN 978-7-5141-4127-6:CNY30.00
    本书介绍了我国社会保障制度综论、构建我国社会保障大保障格局、我国就业制度的基本架构、我国就业形势分析与就业政策的选择、我国积极就业政策与选择、我国城镇职工养老制度改革与发展等内容。
●
相关链接 在E读中查询图书 在五车中查询图书 在当当中查询图书 在豆瓣中查询图书


正题名:社会保障热点问题透析     索取号:D632.1/205         预约/预借

序号 登录号 条形码 馆藏地/架位号 状态 备注
1 0840229   208402290   第一样本阅览室/ [索取号:D632.1/205] 在馆    
2 0840230   208402307   密集书库-史法系/ [索取号:D632.1/205] 在馆    
3 0840231   208402316   第一借阅区/ [索取号:D632.1/205] 在馆    
唐山师范学院图书馆 欢迎您!
大连网信软件有限公司© 版权所有